[Event "DSOL 04 Liga Gr-B 1st"]
[Site "Playchess.com INT"]
[Date "2020.07.16"]
[Round "4.1"]
[White "Strohmann, Andreas"]
[Black "Bascheck, Ralf"]
[Result "1-0"]
[WhiteElo "1830"]
[BlackElo "1771"]
[PlyCount "61"]
[EventDate "2020.06.22"]
[EventType "team-tourn (rapid)"]
[EventCountry "GER"]
[SourceTitle "EXT 2021"]
[Source "ChessBase"]
[SourceDate "2020.10.23"]
[SourceVersion "1"]
[SourceVersionDate "2020.10.23"]
[SourceQuality "1"]
[WhiteTeam "Buer Hassel"]
[BlackTeam "Bielefeld Sieker"]
[WhiteTeamCountry "GER"]
[BlackTeamCountry "GER"]

1. e4 e6 2. d4 d5 3. Nd2 Nf6 4. e5 Nfd7 5. f4 c5 6. c3 Nc6 7. Ndf3 Qb6 8. Ne2 f6 9. a3 cxd4 10. Nexd4 Nxd4 11. cxd4 Be7 12. Bd3 0-0 13. 0-0 a5 14. Be3 Nb8 15. exf6 Bxf6 16. Ng5 Bxg5 17. fxg5 Rxf1+ 18. Qxf1 g6 19. Qf6 Nd7 20. Qe7 Ne5 21. Qe8+ Kg7 22. Rf1 Bd7 23. Qxa8 Nf7 24. Rxf7+ Kxf7 25. Qh8 Ke7 26. Qxh7+ Kd6 27. Bf4+ Kc6 28. Qh8 Qxb2 29. Qe5 Kb6 30. Qc7+ Ka7 31. Qxa5# 1-0

[Event "DSOL 04 Liga Gr-B 1st"]
[Site "Playchess.com INT"]
[Date "2020.07.07"]
[Round "3.2"]
[White "Strohmann, Andreas"]
[Black "Becker, Michael"]
[Result "1/2-1/2"]
[WhiteElo "1830"]
[BlackElo "1783"]
[PlyCount "47"]
[EventDate "2020.06.22"]
[EventType "team-tourn (rapid)"]
[EventCountry "GER"]
[SourceTitle "EXT 2021"]
[Source "ChessBase"]
[SourceDate "2020.10.23"]
[SourceVersion "1"]
[SourceVersionDate "2020.10.23"]
[SourceQuality "1"]
[WhiteTeam "Buer Hassel"]
[BlackTeam "Aachen Tigerli"]
[WhiteTeamCountry "GER"]
[BlackTeamCountry "GER"]

1. e4 d5 2. exd5 Nf6 3. d4 Bg4 4. f3 Bf5 5. c4 e6 6. Nc3 exd5 7. g4 Be6 8. g5 Ng8 9. Qb3 dxc4 10. Qxb7 Nd7 11. Qe4 Nb6 12. Bh3 Qd7 13. Bxe6 fxe6 14. Nge2 0-0-0 15. Nf4 Bd6 16. 0-0 Bxf4 17. Bxf4 Ne7 18. Rae1 Rhf8 19. Be5 Nc6 20. Kh1 Nxe5 21. dxe5 Qd3 22. Qc6 Qd7 23. Qe4 Qd3 24. Qc6 1/2-1/2

[Event "Gelsenkirchen Silvester op 6th"]
[Site "Gelsenkirchen"]
[Date "2018.12.29"]
[Round "6"]
[White "Gawlick, Matthias"]
[Black "Strohmann, Andreas"]
[Result "0-1"]
[WhiteElo "1649"]
[BlackElo "1865"]
[PlyCount "44"]
[EventDate "2018.12.27"]
[EventType "swiss"]
[EventRounds "7"]
[EventCountry "GER"]
[SourceTitle "CBM 188 Extra"]
[Source "ChessBase"]
[SourceDate "2019.02.28"]
[SourceVersion "1"]
[SourceVersionDate "2019.02.28"]
[SourceQuality "1"]

1. d4 c5 2. c3 e6 3. Nf3 d5 4. Bf4 Nf6 5. e3 Nc6 6. Be2 Be7 7. 0-0 Nh5 8. Bg3 Nxg3 9. hxg3 h5 10. Re1 h4 11. gxh4 Bxh4 12. Nbd2 Be7 13. e4 cxd4 14. exd5 Qxd5 15. Bc4 Qh5 16. Kf1 dxc3 17. bxc3 Qc5 18. Qe2 Rh1+ 19. Ng1 Bd7 20. Ne4 Qe5 21. Rab1 Qh2 22. Qf3 Ne5 0-1

[Event "Gelsenkirchen Silvester op 6th"]
[Site "Gelsenkirchen"]
[Date "2018.12.28"]
[Round "3"]
[White "Strohmann, Andreas"]
[Black "Schaefer, Michael2"]
[Result "1-0"]
[WhiteElo "1865"]
[BlackElo "1791"]
[PlyCount "51"]
[EventDate "2018.12.27"]
[EventType "swiss"]
[EventRounds "7"]
[EventCountry "GER"]
[SourceTitle "CBM 188 Extra"]
[Source "ChessBase"]
[SourceDate "2019.02.28"]
[SourceVersion "1"]
[SourceVersionDate "2019.02.28"]
[SourceQuality "1"]

1. e4 e5 2. Nf3 Nc6 3. Bb5 a6 4. Ba4 Nf6 5. 0-0 Be7 6. Re1 b5 7. Bb3 0-0 8. c3 d5 9. exd5 Nxd5 10. Nxe5 Nxe5 11. Rxe5 c6 12. d4 Bd6 13. Re1 Qh4 14. g3 Qh3 15. Qf3 Bg4 16. Qg2 Qh5 17. Be3 Rae8 18. Nd2 Kh8 19. a4 Re6 20. axb5 axb5 21. Ra6 Rfe8 22. Rxc6 Nxe3 23. Rxe3 Rxe3 24. fxe3 Rxe3 25. Qf2 Re2 26. Qxe2 1-0

[Event "Ruhrgebiet Verbandsklasse Gruppe 2 1819"]
[Site "Nordrheinwestfalen"]
[Date "2018.11.04"]
[Round "3.6"]
[White "Schmitz, Juergen"]
[Black "Strohmann, Andreas"]
[Result "1/2-1/2"]
[WhiteElo "1864"]
[BlackElo "1865"]
[PlyCount "44"]
[EventDate "2018.09.23"]
[EventType "team-tourn"]
[EventRounds "9"]
[EventCountry "GER"]
[SourceTitle "EXT 2022"]
[Source "ChessBase"]
[SourceDate "2021.10.06"]
[SourceVersion "1"]
[SourceVersionDate "2021.10.06"]
[SourceQuality "1"]
[WhiteTeam "Steele/Kray Rochade"]
[BlackTeam "Buer Hassel"]
[WhiteTeamCountry "GER"]
[BlackTeamCountry "GER"]

1. g4 d5 2. Bg2 c6 3. e4 dxe4 4. Nc3 e6 5. Nxe4 Nf6 6. d4 Be7 7. h3 0-0 8. Ne2 Nbd7 9. Bf4 Nxe4 10. Bxe4 Nf6 11. Bd3 Nd5 12. Bg3 f5 13. Qd2 b5 14. c3 a5 15. Be5 Bg5 16. Qc2 Bd7 17. Rg1 h6 18. gxf5 exf5 19. Bxg7 Kxg7 20. h4 Qf6 21. hxg5 hxg5 22. 0-0-0 Kf7 1/2-1/2

[Event "Ruhrgebiet Verbandsklasse Gruppe 2 1819"]
[Site "Nordrheinwestfalen"]
[Date "2018.10.07"]
[Round "2.6"]
[White "Strohmann, Andreas"]
[Black "Elsner, Mario"]
[Result "1-0"]
[WhiteElo "1865"]
[BlackElo "1794"]
[PlyCount "85"]
[EventDate "2018.09.23"]
[EventType "team-tourn"]
[EventRounds "9"]
[EventCountry "GER"]
[SourceTitle "EXT 2022"]
[Source "ChessBase"]
[SourceDate "2021.10.06"]
[SourceVersion "1"]
[SourceVersionDate "2021.10.06"]
[SourceQuality "1"]
[WhiteTeam "Buer Hassel"]
[BlackTeam "Unser Fritz"]
[WhiteTeamCountry "GER"]
[BlackTeamCountry "GER"]

1. e4 g6 2. d4 Bg7 3. Nc3 d6 4. Be2 a6 5. Be3 Nd7 6. Qd2 h6 7. f4 e6 8. h3 b5 9. d5 Ngf6 10. dxe6 fxe6 11. Bf3 e5 12. f5 g5 13. Nge2 Bb7 14. Ng3 Qe7 15. a4 b4 16. Nd5 Bxd5 17. exd5 e4 18. Be2 Qe5 19. Nh5 Nxh5 20. Bxh5+ Ke7 21. 0-0 Qxb2 22. Rab1 Qc3 23. Rxb4 Qxd2 24. Rxe4+ Be5 25. Bxd2 Nf6 26. Rxe5+ dxe5 27. Bb4+ Kd7 28. Bf7 Rhb8 29. Be6+ Ke8 30. Bc3 Nd7 31. Ba5 Rb2 32. Bxc7 Ra7 33. Bd6 Nf8 34. f6 Rf7 35. c4 Rd2 36. Bxe5 Re2 37. Rb1 Nd7 38. Bxf7+ Kxf7 39. Bd4 Re4 40. Rd1 Nxf6 41. Bxf6 Kxf6 42. d6 Re8 43. c5 1-0

[Event "Ruhrgebiet Verbandsklasse Gruppe 3 1718"]
[Site "Germany"]
[Date "2018.01.14"]
[Round "5.6"]
[White "Marx, Henning"]
[Black "Strohmann, Andreas"]
[Result "0-1"]
[WhiteElo "1955"]
[BlackElo "1831"]
[PlyCount "64"]
[EventDate "2017.09.17"]
[EventType "team-tourn"]
[EventRounds "9"]
[EventCountry "GER"]
[SourceTitle "EXT 2022"]
[Source "ChessBase"]
[SourceDate "2021.10.06"]
[SourceVersion "1"]
[SourceVersionDate "2021.10.06"]
[SourceQuality "1"]
[WhiteTeam "Bochum-Linden"]
[BlackTeam "Buer Hassel"]
[WhiteTeamCountry "GER"]
[BlackTeamCountry "GER"]

1. d4 c5 2. c3 Nf6 3. Nf3 d5 4. Bg5 e6 5. e3 c4 6. Nbd2 Be7 7. Qc2 Nc6 8. Be2 0-0 9. 0-0 b5 10. a3 a5 11. e4 dxe4 12. Nxe4 Nxe4 13. Bxe7 Nxe7 14. Qxe4 Qd5 15. Qf4 Ng6 16. Qg3 Bb7 17. Rfe1 Qf5 18. Rac1 Nf4 19. Nh4 Qf6 20. Bf1 Rfd8 21. Re5 b4 22. axb4 axb4 23. Nf3 bxc3 24. bxc3 Bd5 25. Nd2 Rdc8 26. Ne4 Qh6 27. Rg5 Nd3 28. Bxd3 cxd3 29. Re1 Bxe4 30. Rg4 d2 31. Rd1 Bc2 32. Rh4 Qxh4 0-1

[Event "Ruhrgebiet Verbandsklasse Gruppe 3 1718"]
[Site "Germany"]
[Date "2017.10.08"]
[Round "2.7"]
[White "Haupt, Horst Peter"]
[Black "Strohmann, Andreas"]
[Result "0-1"]
[WhiteElo "1656"]
[BlackElo "1822"]
[PlyCount "108"]
[EventDate "2017.09.17"]
[EventType "team-tourn"]
[EventRounds "9"]
[EventCountry "GER"]
[SourceTitle "EXT 2022"]
[Source "ChessBase"]
[SourceDate "2021.10.06"]
[SourceVersion "1"]
[SourceVersionDate "2021.10.06"]
[SourceQuality "1"]
[WhiteTeam "Winz Baak SG"]
[BlackTeam "Buer Hassel"]
[WhiteTeamCountry "GER"]
[BlackTeamCountry "GER"]

1. e4 d5 2. exd5 Nf6 3. d4 Nxd5 4. c4 Nb6 5. Nc3 e5 6. Be3 exd4 7. Qxd4 Qxd4 8. Bxd4 Be6 9. b3 Nc6 10. Be3 Bb4 11. Nge2 Ne5 12. a3 Nd3+ 13. Kd2 0-0-0 14. axb4 Nxf2+ 15. Kc2 Nxh1 16. g3 Bf5+ 17. Kc1 Rd3 18. Bxb6 cxb6 19. Rxa7 Kb8 20. Ra3 Nf2 21. Nd5 Rd1+ 22. Kb2 Rxf1 23. Nxb6 Nd3+ 24. Kc3 Kc7 25. Nd5+ Kd7 26. Ra7 Re8 27. Rxb7+ Kc8 28. Rc7+ Kb8 29. Nd4 Ne5 30. b5 Be4 31. Rc5 Bxd5 32. Rxd5 Rd1 33. Rxe5 Rxe5 34. Nc6+ Kc7 35. Nxe5 f6 36. Nd3 Rh1 37. Nf4 Rxh2 38. Ne6+ Kb7 39. Nxg7 Rf2 40. Nh5 Rf5 41. g4 Rf3+ 42. Kd4 f5 43. gxf5 Rxf5 44. Ng7 Rg5 45. Ne6 Rg4+ 46. Kd5 h5 47. c5 h4 48. b6 h3 49. Nd8+ Kc8 50. b7+ Kb8 51. c6 h2 52. Kd6 Rg6+ 53. Ke7 Rg7+ 54. Kd6 h1Q 0-1

[Event "Ruhrgebiet Verbandsklasse Gruppe 3 1415"]
[Site "Germany"]
[Date "2015.04.26"]
[Round "9.3"]
[White "Skor, Werner"]
[Black "Strohmann, Andreas"]
[Result "0-1"]
[WhiteElo "1692"]
[BlackElo "1787"]
[PlyCount "46"]
[EventDate "2014.09.21"]
[EventType "team-tourn"]
[EventRounds "9"]
[EventCountry "GER"]
[SourceTitle "EXT 2022"]
[Source "ChessBase"]
[SourceDate "2021.10.06"]
[SourceVersion "1"]
[SourceVersionDate "2021.10.06"]
[SourceQuality "1"]
[WhiteTeam "Holsterhausen SK II"]
[BlackTeam "Buer Hassel"]
[WhiteTeamCountry "GER"]
[BlackTeamCountry "GER"]

1. e4 d5 2. d4 dxe4 3. Nc3 Nf6 4. Qe2 Nc6 5. Be3 e6 6. 0-0-0 Bb4 7. Qc4 Bxc3 8. Qxc3 0-0 9. Bg5 h6 10. Bh4 Nd5 11. Qh3 Qd6 12. Ne2 e5 13. dxe5 Qxe5 14. Qa3 f5 15. g4 f4 16. Qc5 Be6 17. Nd4 Nxd4 18. Rxd4 b6 19. Rxd5 Bxd5 20. Qb5 c6 21. Qa6 g5 22. Bc4 Bxc4 23. Qxc4+ Qd5 0-1

[Event "Ruhrgebiet Verbandsklasse Gruppe 3 1415"]
[Site "Germany"]
[Date "2015.03.01"]
[Round "7.6"]
[White "Strohmann, Andreas"]
[Black "Struebig, Dominik"]
[Result "1-0"]
[WhiteElo "1784"]
[BlackElo "1649"]
[PlyCount "45"]
[EventDate "2014.09.21"]
[EventType "team-tourn"]
[EventRounds "9"]
[EventCountry "GER"]
[SourceTitle "EXT 2022"]
[Source "ChessBase"]
[SourceDate "2021.10.06"]
[SourceVersion "1"]
[SourceVersionDate "2021.10.06"]
[SourceQuality "1"]
[WhiteTeam "Buer Hassel"]
[BlackTeam "Haltern"]
[WhiteTeamCountry "GER"]
[BlackTeamCountry "GER"]

1. e4 c5 2. d4 cxd4 3. c3 dxc3 4. Nxc3 Nc6 5. Bc4 e6 6. Nf3 Bb4 7. 0-0 Nf6 8. e5 Ng4 9. Qe2 Bxc3 10. bxc3 Qa5 11. Re1 f6 12. exf6 Nxf6 13. Rb1 0-0 14. Rb5 Qc7 15. Rg5 Ne7 16. Ba3 Ng6 17. Bxf8 Kxf8 18. g3 b5 19. Bxb5 Bb7 20. Ne5 Qxc3 21. Nxd7+ Nxd7 22. Bxd7 Ba6 23. Qxe6 1-0

[Event "Ruhrgebiet VK1 1213"]
[Site "Nordrheinwestfalen"]
[Date "2013.02.24"]
[Round "7.5"]
[White "Galle, Wolfgang"]
[Black "Strohmann, Andreas"]
[Result "1/2-1/2"]
[WhiteElo "1867"]
[BlackElo "1754"]
[PlyCount "58"]
[EventDate "2012.09.02"]
[EventType "team-tourn"]
[EventRounds "9"]
[EventCountry "GER"]
[SourceTitle "EXT 2020"]
[Source "ChessBase"]
[SourceDate "2019.10.17"]
[SourceVersion "1"]
[SourceVersionDate "2019.10.17"]
[SourceQuality "1"]
[WhiteTeam "Muelheim SC"]
[BlackTeam "Buer Hassel"]
[WhiteTeamCountry "GER"]
[BlackTeamCountry "GER"]

1. f4 d5 2. e3 Nf6 3. b3 g6 4. Bb2 Bg7 5. Nf3 0-0 6. Be2 b6 7. 0-0 Bb7 8. Qc1 c5 9. d3 Nc6 10. Ne5 e6 11. Nd2 Rc8 12. Ndf3 Nxe5 13. Bxe5 Nd7 14. Bxg7 Kxg7 15. Qb2+ Qf6 16. Qxf6+ Nxf6 17. Ne5 Rfd8 18. a4 a5 19. Rfd1 Nd7 20. Nxd7 Rxd7 21. Kf2 f5 22. c4 d4 23. Bf3 Bxf3 24. Kxf3 dxe3 25. Kxe3 Rcd8 26. Rd2 Kf6 27. Rad1 Rd4 28. g3 h6 29. h4 h5 1/2-1/2

[Event "Ruhrgebiet VK3 0708"]
[Site "Germany"]
[Date "2008.04.27"]
[Round "9.3"]
[White "Strohmann, Andreas"]
[Black "Werschmoeller, Thomas"]
[Result "1-0"]
[WhiteElo "1834"]
[BlackElo "1877"]
[PlyCount "83"]
[EventDate "2007.09.16"]
[EventType "team-tourn"]
[EventRounds "9"]
[EventCountry "GER"]
[SourceTitle "EXT 2009"]
[Source "ChessBase"]
[SourceDate "2008.11.26"]
[SourceVersion "1"]
[SourceVersionDate "2008.11.26"]
[SourceQuality "1"]
[WhiteTeam "RE Sued"]
[BlackTeam "Witten"]
[WhiteTeamCountry "GER"]
[BlackTeamCountry "GER"]

1. e4 c6 2. d4 d5 3. Nc3 dxe4 4. Nxe4 Nf6 5. Nxf6+ exf6 6. Nf3 Bd6 7. h3 Bf5 8. Bd3 0-0 9. 0-0 Bg6 10. Bxg6 hxg6 11. Re1 Nd7 12. c4 Bb4 13. Bd2 Qa5 14. a3 Bxd2 15. Qxd2 Qxd2 16. Nxd2 Rfe8 17. Kf1 Re6 18. Re3 Rxe3 19. fxe3 Re8 20. Kf2 f5 21. Rb1 Nf6 22. b4 Ne4+ 23. Nxe4 Rxe4 24. Kf3 Kf8 25. a4 Ke7 26. c5 Kd7 27. b5 f6 28. a5 cxb5 29. Rxb5 Kc6 30. Rb3 Re7 31. g4 Kd5 32. gxf5 gxf5 33. Rb1 g5 34. Ra1 Rh7 35. Kg3 Re7 36. Ra3 Rh7 37. a6 bxa6 38. Rxa6 f4+ 39. exf4 gxf4+ 40. Kxf4 Kxd4 41. c6 Rxh3 42. c7 1-0

[Event "Ruhrgebiet VK3 0708"]
[Site "Germany"]
[Date "2008.03.09"]
[Round "7.3"]
[White "Strohmann, Andreas"]
[Black "Dahlhaus, Friedhelm"]
[Result "0-1"]
[WhiteElo "1834"]
[BlackElo "2161"]
[PlyCount "50"]
[EventDate "2007.09.16"]
[EventType "team-tourn"]
[EventRounds "9"]
[EventCountry "GER"]
[SourceTitle "EXT 2009"]
[Source "ChessBase"]
[SourceDate "2008.11.26"]
[SourceVersion "1"]
[SourceVersionDate "2008.11.26"]
[SourceQuality "1"]
[WhiteTeam "RE Sued"]
[BlackTeam "Bergeborbeck Wacker"]
[WhiteTeamCountry "GER"]
[BlackTeamCountry "GER"]

1. e4 e5 2. Nf3 Nc6 3. Bb5 a6 4. Ba4 d6 5. 0-0 Bd7 6. c3 g6 7. d4 Bg7 8. Re1 Nge7 9. Be3 0-0 10. Nbd2 Kh8 11. d5 Nb8 12. Bxd7 Nxd7 13. Nf1 Ng8 14. Ng3 Nh6 15. h3 f5 16. Bg5 Qe8 17. exf5 Nxf5 18. Nxf5 Rxf5 19. g4 Rf8 20. Nd4 Qf7 21. Ne6 Qxf2+ 22. Kh1 Rf3 23. Qxf3 Qxf3+ 24. Kh2 e4 25. Rf1 Be5+ 0-1

[Event "Ruhrgebiet VK3 0708"]
[Site "Germany"]
[Date "2007.10.21"]
[Round "2.4"]
[White "Strohmann, Andreas"]
[Black "Peters, Olaf"]
[Result "0-1"]
[WhiteElo "1834"]
[BlackElo "1890"]
[PlyCount "84"]
[EventDate "2007.09.16"]
[EventType "team-tourn"]
[EventRounds "9"]
[EventCountry "GER"]
[SourceTitle "EXT 2009"]
[Source "ChessBase"]
[SourceDate "2008.11.26"]
[SourceVersion "1"]
[SourceVersionDate "2008.11.26"]
[SourceQuality "1"]
[WhiteTeam "RE Sued"]
[BlackTeam "Bochum Uni"]
[WhiteTeamCountry "GER"]
[BlackTeamCountry "GER"]

1. e4 c5 2. d4 cxd4 3. c3 dxc3 4. Nxc3 Nc6 5. Bc4 g6 6. Nf3 Bg7 7. 0-0 d6 8. Qe2 Nf6 9. h3 0-0 10. Rd1 Nd7 11. Be3 Nde5 12. Nxe5 Nxe5 13. Bb3 b6 14. Bd5 Rb8 15. Nb5 Ba6 16. f4 Qd7 17. a4 Nc6 18. Rac1 Rbc8 19. e5 Nb4 20. exd6 Nxd5 21. Rxd5 Rxc1+ 22. Bxc1 e6 23. Rd1 Rd8 24. b3 Qc6 25. Ba3 Bf8 26. Qe5 Rd7 27. Bb2 Qc5+ 28. Qxc5 bxc5 29. Nc7 Bb7 30. Ne8 Be7 31. Bf6 Bd8 32. Bxd8 Rxd8 33. Nf6+ Kg7 34. Ng4 Bd5 35. Rc1 Bxb3 36. Rxc5 Bxa4 37. Ra5 Be8 38. Ra6 Rd7 39. Ne5 Rb7 40. Kf2 f6 41. Nc6 Kf8 42. Rxa7 Bxc6 0-1

[Event "Ruhrgebiet VL2 0304"]
[Site "Ruhrgebiet"]
[Date "2004.01.11"]
[Round "5.6"]
[White "Strohmann, Andreas"]
[Black "Hessel, Malte"]
[Result "1/2-1/2"]
[WhiteElo "1858"]
[BlackElo "1906"]
[PlyCount "88"]
[EventDate "2003.09.28"]
[EventType "team-tourn"]
[EventRounds "9"]
[EventCountry "GER"]
[SourceTitle "EXT 2007"]
[Source "ChessBase"]
[SourceDate "2006.11.23"]
[SourceVersion "1"]
[SourceVersionDate "2006.11.23"]
[SourceQuality "1"]
[WhiteTeam "Recklinghausen Sued"]
[BlackTeam "Castrop Rauxel II"]
[WhiteTeamCountry "GER"]
[BlackTeamCountry "GER"]

1. e4 e5 2. Nf3 Nc6 3. Bb5 a6 4. Ba4 Nf6 5. 0-0 Be7 6. Re1 b5 7. Bb3 d6 8. h3 0-0 9. c3 Na5 10. Bc2 c5 11. d4 Qc7 12. d5 Bd7 13. Nbd2 g6 14. Nf1 Nh5 15. Bh6 Ng7 16. Ne3 c4 17. Nh2 Nb7 18. Qd2 Nc5 19. Rad1 a5 20. Neg4 f6 21. Bxg7 Kxg7 22. Qh6+ Kg8 23. Re3 Rf7 24. Rg3 Qd8 25. Qe3 Bf8 26. Nh6+ Bxh6 27. Qxh6 Qf8 28. Qe3 f5 29. exf5 Bxf5 30. Bxf5 Rxf5 31. Ng4 Kh8 32. f3 a4 33. Nf2 Rf4 34. Rg4 Rxg4 35. Nxg4 Nd3 36. Rd2 Qf7 37. Nf2 Nc5 38. Ne4 Nxe4 39. fxe4 Qf4 40. Qe1 Rf8 41. Rf2 Qxf2+ 42. Qxf2 Rxf2 43. Kxf2 Kg7 44. a3 Kf6 1/2-1/2

[Event "Ruhrgebiet VK1 0001"]
[Site "Ruhrgebiet"]
[Date "2001.01.21"]
[Round "5"]
[White "Mallach, Heinz Joachim"]
[Black "Strohmann, Andreas"]
[Result "1-0"]
[WhiteElo "1871"]
[BlackElo "1850"]
[PlyCount "83"]
[EventDate "2000.09.17"]
[EventType "team-tourn"]
[EventRounds "9"]
[EventCountry "GER"]
[SourceTitle "EXT 2023"]
[Source "ChessBase"]
[SourceDate "2022.10.05"]
[SourceVersion "1"]
[SourceVersionDate "2022.10.05"]
[SourceQuality "1"]
[WhiteTeam "Recklinghausen Altstadt"]
[BlackTeam "Herten Lasker"]
[WhiteTeamCountry "GER"]
[BlackTeamCountry "GER"]

1. d4 Nf6 2. Nf3 g6 3. c4 c5 4. d5 b5 5. cxb5 a6 6. bxa6 Bxa6 7. Nc3 d6 8. e4 Bxf1 9. Kxf1 Bg7 10. g3 0-0 11. Kg2 Na6 12. Bg5 h6 13. Bd2 Qb6 14. Rb1 Rfb8 15. b3 Nb4 16. a4 Rb7 17. Re1 Ng4 18. Ng1 h5 19. h3 Ne5 20. Nge2 Ned3 21. Rf1 Qa6 22. f4 c4 23. f5 cxb3 24. fxg6 fxg6 25. Rxb3 Qc4 26. Rb1 Rab8 27. Qb3 Qa6 28. Nb5 Rxb5 29. axb5 Qxb5 30. Bxb4 Nxb4 31. Nf4 Qe8 32. Ne6 Na6 33. Qc4 Rxb1 34. Rxb1 Nb8 35. Qc7 Nd7 36. Rb7 Nf8 37. Nxg7 Kxg7 38. Qxe7+ Qxe7 39. Rxe7+ Kf6 40. Ra7 Ke5 41. Kf3 g5 42. Rf7 1-0